| 000 | 00424nam a22001577a 4500 | ||
|---|---|---|---|
| 003 | OSt | ||
| 005 | 20240416160437.0 | ||
| 008 | 240416b |||||||| |||| 00| 0 eng d | ||
| 040 | _cMRSPTU | ||
| 100 | _aKalidas (ਕਾਲੀਦਾਸ) | ||
| 245 | _aShakuntla Natak ( ਸ਼ਕੁੰਤਲਾ ਨਾਟਕ) | ||
| 250 | _a2nd | ||
| 260 |
_aPunjab _bDirector Education Department _c1996 |
||
| 300 | _a132 | ||
| 942 |
_2ddc _cBK _n0 |
||
| 999 |
_c10066 _d10066 |
||